Statistics for Norwegian Counties

Click here to take the quiz!

General Stats

  • This quiz has been taken 50 times
    (48 since last reset)
  • The average score is 12 of 18

Answer Stats

Answer% Correct
Oslo
93%
Troms
78%
Finnmark
75%
More og Romsdal
73%
Nordland
68%
Telemark
68%
Vestagder
65%
Hordaland
63%
Ostfold
63%
Vestfold
63%
Nord Trondelag
60%
Rogaland
60%
Sor Trondelag
60%
Austagder
58%
Oppland
58%
Sogn og Fjordane
55%
Buskerud
53%
Hedmark
53%

Score Distribution

Percentile by Number Answered

Percent of People with Each Score

Your Score History

You have not taken this quiz since the last reset